| 000 | 00564nam a22001697a 4500 | ||
|---|---|---|---|
| 005 | 20250407122531.0 | ||
| 008 | 250407b |||||||| |||| 00| 0 eng d | ||
| 020 | _a9781035325283 | ||
| 041 | _aeng | ||
| 082 | _a005.74 KSH | ||
| 100 | _aKshetri, Nir | ||
| 245 | _aThe Rise of Blockchains: Disrupting Economies and Transforming Societies | ||
| 260 |
_aCheltenham [England], UK _bEdward Elgar Publishing _c2022 |
||
| 300 | _a202;. pages: 23 cm | ||
| 650 | _aBlockchains (Databases)-Industrial Applications; Blockchains (Databases)-Economic Aspects | ||
| 942 | _cBK | ||
| 999 |
_c43602 _d43602 |
||